Statistiques concernant Devinez le/la chanteur/euse de K-pop #2

Cliquez ici pour prendre le quiz!

Statistiques générales

  • Ce quiz a été pris 62 fois
  • Le résultat moyen est 9 sur 16

Statistiques - réponses

Réponse% Correct
Momo
87%
Sana
83%
Mina
72%
Tzuyu
70%
Jackson
67%
Jihyo
67%
Dahyun
63%
BamBam
59%
Jeongyeon
56%
Chaeyoung
48%
Mark
44%
Jinyoung
37%
JB
35%
Yugyeom
33%
Youngjae
31%
Naeyon
26%

Distribution des résultats

Percentile par nombre de réponses

% des personnes avec chaque résultat

Votre développement - résultats

Vous n’avez pas pris ce quiz